Statistics for Countries Closest to Nigeria - One Minute Sprint

Click here to take the quiz!

General Stats

  • This quiz has been taken 105 times
  • The average score is 14 of 20

Answer Stats

km country miles % Correct
0Niger0
96%
0Benin0
88%
0Chad0
85%
101Togo63
83%
169Ghana105
83%
0Cameroon0
80%
805Democratic Republic
of the Congo
500
78%
214Mali133
74%
599Congo372
72%
129Burkina Faso80
70%
572Côte d'Ivoire355
68%
316Central African
Republic
196
62%
418Gabon260
62%
600Algeria373
60%
95Equatorial Guinea59
60%
1043Mauritania648
57%
1084Libya673
56%
779Sudan484
49%
299São Tomé
and Príncipe
186
43%
1110Angola690
27%

Score Distribution

Percentile by Number Answered

Percent of People with Each Score

Your Score History

You have not taken this quiz